[Event "GER Cup Teams 2019"]
[Site "Wolfhagen"]
[Date "2019.03.16"]
[Round "1.1"]
[White "Schmid, Roland"]
[Black "Zuferi, Enis"]
[Result "1-0"]
[WhiteElo "2282"]
[BlackElo "2369"]
[Annotator "NA"]
[PlyCount "67"]
[EventDate "2019.03.16"]
[EventType "team-tourn"]
[EventCountry "GER"]
[SourceTitle "playchess.com"]
[Source "ChessBase"]
[SourceQuality "1"]
[TimeControl "40/6000+30:3000+30"]

1. Nf3 {[%emt 0:00:00]} Nf6 {[%emt 0:00:00]} 2. c4 {[%emt 0:00:00]} c5 {[%emt 0:00:00]} 3. Nc3 {[%emt 0:00:04]} d5 {[%emt 0:00:00]} 4. cxd5 {[%emt 0:00:06]} Nxd5 {[%emt 0:00:00]} 5. d4 {[%emt 0:00:08]} cxd4 {[%emt 0:02:52]} 6. Qxd4 {[%emt 0:00:08]} Nxc3 {[%emt 0:00:14]} 7. Qxc3 {[%emt 0:00:06]} Nc6 {[%emt 0:01:03]} 8. e4 {[%emt 0:02:43]} Bg4 {[%emt 0:08:30]} 9. Bb5 {[%emt 0:03:29] A34: Symmetrical English: 2 Nc3, lines with ...d5} Rc8 {[%emt 0:16:33]} 10. Be3 {[%emt 0:10:02]} a6 {[%emt 0:02:30]} 11. Rd1 {[%emt 0:11:57]} Qc7 {[%emt 0:07:20]} 12. Ba4 {[%emt 0:11:15]} e5 $146 {[%emt 0:17:17]} ({Predecessor:} 12... b5 13. Bb3 e6 14. O-O Bxf3 15. gxf3 Bd6 16. Qxg7 Bxh2+ {1-0 (41) Topalov,V (2640)-Beliavsky,A (2650) Linares 1994}) 13. Bxc6+ {[%emt 0:05:51]} bxc6 {[%emt 0:00:19]} 14. Rc1 {[%emt 0:00:26]} Bxf3 {[%emt 0:07:07]} 15. gxf3 {[%emt 0:01:18]} Bd6 {[%emt 0:04:01]} 16. Rg1 {[%emt 0:19:55]} g6 {[%emt 0:15:05]} 17. Qc4 {[%emt 0:05:29]} Qa5+ {[%emt 0:03:18]} 18. Ke2 {[%emt 0:06:25]} O-O {[%emt 0:01:00]} 19. Rgd1 {[%emt 0:04:54]} Be7 {[%emt 0:12:58]} 20. Rd7 {[%emt 0:08:26]} Bh4 {[%emt 0:05:16]} 21. Bc5 {[%emt 0:02:34]} Rb8 {[%emt 0:01:39]} 22. Rc2 {[%emt 0:06:28]} Rbd8 {[%emt 0:02:25]} 23. Rcd2 {[%emt 0:00:47]} Bg5 {[%emt 0:00:09]} 24. R2d3 {[%emt 0:01:49]} h5 {[%emt 0:01:07]} 25. Bxf8 {[%emt 0:02:24]} Rxf8 {[%emt 0:00:04]} 26. Ra3 {[%emt 0:01:44]} (26. Rb3 $142) 26... Qb6 $2 {[%emt 0:00:02]} (26... Qb5 27. Qxb5 axb5) 27. Rb3 {[%emt 0:00:15]} Qa5 {[%emt 0:00:03]} 28. Rbb7 {[%emt 0:00:34]} h4 {[%emt 0:00:35]} 29. b4 {[%emt 0:02:11]} (29. Rxf7 $142 Qd2+ 30. Kf1 Qd1+ 31. Kg2 h3+ 32. Kxh3 Qf1+ 33. Qxf1 Rxf7 34. Qc4) 29... Qa3 {[%emt 0:00:02]} 30. Rxf7 {[%emt 0:00:29]} Qb2+ {[%emt 0:00:37]} 31. Kf1 {[%emt 0:00:08]} Qb1+ {[%emt 0:00:13]} 32. Kg2 {[%emt 0:00:06]} h3+ {[%emt 0:00:33]} 33. Kxh3 {[%emt 0:00:06]} Qf1+ {[%emt 0:00:14]} 34. Qxf1 1-0

[Event "GER Cup Teams 2019"]
[Site "Wolfhagen"]
[Date "2019.03.16"]
[Round "1.2"]
[White "Schmidt, Tobias"]
[Black "Quast, Michael"]
[Result "1/2-1/2"]
[WhiteElo "2266"]
[BlackElo "2308"]
[Annotator "NA"]
[PlyCount "64"]
[EventDate "2019.03.16"]
[EventType "team-tourn"]
[EventCountry "GER"]
[SourceTitle "playchess.com"]
[Source "ChessBase"]
[SourceQuality "1"]
[TimeControl "40/6000+30:3000+30"]

1. e4 {[%emt 0:00:00]} d6 {[%emt 0:00:00]} 2. d4 {[%emt 0:00:00]} Nf6 {[%emt 0:00:00]} 3. Nc3 {[%emt 0:00:00]} Nbd7 {[%emt 0:00:00]} 4. f4 {[%emt 0:00:02]} e5 {[%emt 0:00:00]} 5. Nf3 {[%emt 0:00:05]} exd4 {[%emt 0:00:00]} 6. Qxd4 {[%emt 0:00:08]} c6 $14 {[%emt 0:00:00]} 7. Be3 {[%emt 0:04:51]} d5 {[%emt 0:00:23]} 8. e5 {[%emt 0:02:45]} Ng4 {[%emt 0:02:52]} 9. Bg1 {[%emt 0:00:44]} Bc5 {[%emt 0:09:13]} 10. Qd2 {[%emt 0:01:24]} Bxg1 {[%emt 0:02:58]} 11. Rxg1 {[%emt 0:00:40]} Qb6 {[%emt 0:04:10]} 12. Na4 {[%emt 0:38:52]} Qe3+ {[%emt 0:02:14]} 13. Qxe3 {[%emt 0:01:44]} Nxe3 {[%emt 0:00:07]} 14. Kd2 {[%emt 0:01:24]} Nxf1+ {[%emt 0:02:48]} 15. Raxf1 {[%emt 0:00:21]} b5 {[%emt 0:03:48]} 16. Nc3 {[%emt 0:00:21]} b4 {[%emt 0:09:13]} 17. Ne2 {[%emt 0:06:35]} c5 {[%emt 0:02:36]} 18. f5 {[%emt 0:15:24]} Nb6 {[%emt 0:03:38]} 19. g4 {[%emt 0:00:31]} Nc4+ {[%emt 0:15:42]} 20. Kc1 {[%emt 0:00:12]} Ne3 {[%emt 0:01:09]} 21. Re1 {[%emt 0:04:45]} d4 {[%emt 0:02:21]} 22. Ng5 {[%emt 0:02:52]} h5 {[%emt 0:10:13]} 23. Ne4 {[%emt 0:07:14]} hxg4 {[%emt 0:04:33]} 24. Nxc5 {[%emt 0:00:26]} Nxf5 {[%emt 0:00:59]} 25. Rxg4 {[%emt 0:06:02]} Rxh2 {[%emt 0:08:50]} 26. Nxd4 {[%emt 0:00:18]} Nxd4 {[%emt 0:00:11]} 27. Rxd4 {[%emt 0:00:02]} Bf5 {[%emt 0:01:50]} 28. Ne4 {[%emt 0:01:30]} Bxe4 {[%emt 0:01:12]} 29. Rexe4 {[%emt 0:00:06]} a5 30. Rg4 Kf8 {[%emt 0:06:44]} 31. Rd2 {[%emt 0:10:37]} Rh1+ {[%emt 0:00:13]} 32. Rd1 {[%emt 0:00:02]} Rh2 {[%emt 0:00:06]} 1/2-1/2

[Event "GER Cup Teams 2019"]
[Site "Wolfhagen"]
[Date "2019.03.16"]
[Round "1.3"]
[White "Pogan, Nikolas"]
[Black "Pohl-Kuemmel, Jens-Uwe"]
[Result "1-0"]
[WhiteElo "2270"]
[BlackElo "2302"]
[Annotator "NA"]
[PlyCount "93"]
[EventDate "2019.03.16"]
[EventType "team-tourn"]
[EventCountry "GER"]
[SourceTitle "playchess.com"]
[Source "ChessBase"]
[SourceQuality "1"]
[WhiteTeam "Heilbronn"]
[BlackTeam "Regensburg"]
[TimeControl "40/6000+30:3000+30"]

1. d4 {[%emt 0:00:00]} d6 {[%emt 0:00:00]} 2. Nf3 {[%emt 0:00:00]} g6 {[%emt 0:00:00]} 3. g3 {[%emt 0:00:00]} Bg7 {[%emt 0:00:02]} 4. Bg2 {[%emt 0:00:00]} Nf6 {[%emt 0:00:17]} 5. c4 {[%emt 0:00:00]} O-O {[%emt 0:00:26]} 6. Nc3 {[%emt 0:00:02]} Nbd7 {[%emt 0:00:42]} 7. O-O {[%emt 0:00:06]} e5 {[%emt 0:00:30]} 8. h3 {[%emt 0:01:14]} Re8 {[%emt 0:02:59]} 9. e4 {[%emt 0:00:46]} a6 {[%emt 0:01:40]} 10. Re1 {[%emt 0:01:04]} c6 {[%emt 0:01:36]} 11. a4 {[%emt 0:07:13] E69: King's Indian: Fianchetto: 6...Nbd7 7 0-0 e5 8 e4 c6 9 h3} (11. a3 exd4 12. Nxd4 Nc5 13. b4 Ncd7 14. f4 Nh5 15. Kh2 f5 16. Be3 fxe4 17. Nxe4 Ndf6 18. Nc3 Nd7 {0-1 (65) Vasquez Schroder,R (2542)-Bologan,V (2672) Khanty-Mansiysk 2013}) 11... a5 {[%emt 0:02:23]} 12. Be3 {[%emt 0:02:53]} exd4 {[%emt 0:09:03]} 13. Nxd4 {[%emt 0:00:16]} Nc5 {[%emt 0:01:43]} 14. Qc2 {[%emt 0:01:35]} Nfd7 {[%emt 0:06:56]} 15. Rad1 {[%emt 0:02:04]} Qb6 {[%emt 0:03:31] [#]} 16. Bf1 $146 {[%emt 0:12:58]} ({Predecessor:} 16. f4 Qb4 17. Bf1 Ra6 18. Na2 Qb6 {½-½ (55) Valsecchi,A (2508)-Apaydin,F (2262) Antalya 2017}) 16... Qb4 {[%emt 0:16:46]} 17. Kh2 {[%emt 0:21:13]} h5 {[%emt 0:12:15]} 18. f4 {[%emt 0:07:30]} Nf6 {[%emt 0:02:24]} 19. Bf2 {[%emt 0:08:40]} Bd7 {[%emt 0:05:27]} 20. e5 {[%emt 0:25:49]} dxe5 {[%emt 0:10:45]} 21. fxe5 {[%emt 0:00:04]} Nh7 {[%emt 0:00:23]} 22. Na2 {[%emt 0:00:54]} Qxa4 {[%emt 0:00:57]} 23. Qxa4 {[%emt 0:02:42]} Nxa4 {[%emt 0:00:07]} 24. b3 {[%emt 0:00:01]} Nb2 {[%emt 0:03:36]} 25. Rd2 {[%emt 0:00:34]} Rxe5 {[%emt 0:05:22]} 26. Rxe5 {[%emt 0:01:09]} Bxe5 {[%emt 0:00:07]} 27. Nf3 {[%emt 0:00:20]} Bf6 {[%emt 0:03:53]} 28. Rxd7 {[%emt 0:00:17]} a4 {[%emt 0:00:19]} 29. b4 {[%emt 0:01:06]} a3 {[%emt 0:01:24]} 30. Rxb7 {[%emt 0:04:33]} Nd1 {[%emt 0:01:09]} 31. Bd4 {[%emt 0:02:59]} Ng5 {[%emt 0:06:30]} 32. Bxf6 {[%emt 0:03:25]} Nxf3+ {[%emt 0:00:06]} 33. Kh1 {[%emt 0:00:49]} Re8 {[%emt 0:01:18] [#]} 34. Be2 $1 {[%emt 0:00:58]} Nf2+ {[%emt 0:02:02]} 35. Kg2 {[%emt 0:00:06]} Ne4 {[%emt 0:00:05]} 36. Bxf3 {[%emt 0:01:58]} Nxf6 {[%emt 0:00:05]} 37. Ra7 {[%emt 0:01:16]} Re3 {[%emt 0:00:12]} 38. Ra8+ {[%emt 0:01:18]} Kg7 {[%emt 0:00:07]} 39. Kf2 {[%emt 0:00:44]} Rb3 {[%emt 0:00:16]} 40. Bxc6 {[%emt 0:00:29]} Rb2+ {[%emt 0:01:19]} 41. Ke3 {[%emt 0:50:01]} Rxa2 {[%emt 0:50:48]} 42. Kd4 {[%emt 0:00:00]} g5 {[%emt 0:00:00]} 43. b5 {[%emt 0:00:00]} h4 {[%emt 0:00:00]} 44. gxh4 {[%emt 0:00:00]} gxh4 {[%emt 0:00:00]} 45. b6 {[%emt 0:00:00]} Rb2 $18 {[%emt 0:00:00]} 46. b7 {[%emt 0:00:00]} a2 {[%emt 0:00:00]} 47. Rxa2 {[%emt 0:00:00]} 1-0

[Event "GER Cup Teams 2019"]
[Site "Wolfhagen"]
[Date "2019.03.16"]
[Round "1.4"]
[White "Savchenko, Boris"]
[Black "Epishin, Vladimir"]
[Result "*"]
[WhiteElo "2575"]
[BlackElo "2568"]
[Annotator "TA"]
[PlyCount "26"]
[EventDate "2019.03.16"]
[EventType "team-tourn"]
[EventCountry "GER"]
[SourceTitle "playchess.com"]
[Source "ChessBase"]
[SourceQuality "1"]

{[%evp 6,6,27]} 1. e4 c6 2. d3 d5 3. Nd2 g6 {Predecessor:} 4. Ngf3 $146 Bg7 5. g3 Bg4 6. Bg2 e6 7. h3 Bxf3 8. Qxf3 Nd7 9. Qe2 Ne7 10. O-O O-O 11. c3 a5 12. d4 dxe4 13. Nxe4 Nd5 {½-½ (32) Andriasian,Z (2586)-Wang,Y (2690) chess.com INT 2018} *

[Event "GER Cup Teams 2019"]
[Site "Wolfhagen"]
[Date "2019.03.16"]
[Round "1.4"]
[White "Werner, Claus"]
[Black "Stuermer, Robin"]
[Result "1-0"]
[WhiteElo "2200"]
[BlackElo "2195"]
[Annotator "NA"]
[PlyCount "53"]
[EventDate "2019.03.16"]
[EventType "team-tourn"]
[EventCountry "GER"]
[SourceTitle "playchess.com"]
[Source "ChessBase"]
[SourceQuality "1"]
[TimeControl "40/6000+30:3000+30"]

1. e4 {[%emt 0:00:00]} c6 {[%emt 0:00:00]} 2. d3 {[%emt 0:01:22]} d5 {[%emt 0:00:18]} 3. Nd2 {[%emt 0:00:05]} g6 {[%emt 0:01:53]} 4. Ngf3 {[%emt 0:05:31]} Bg7 {[%emt 0:00:11]} 5. g3 {[%emt 0:00:33]} e5 {[%emt 0:06:43]} 6. Bg2 {[%emt 0:01:28]} Ne7 {[%emt 0:01:59]} 7. O-O $11 {[%emt 0:00:18]} O-O {[%emt 0:00:06]} 8. Re1 {[%emt 0:00:41]} Qc7 {[%emt 0:01:23]} 9. exd5 {[%emt 0:07:54]} cxd5 {[%emt 0:00:39]} 10. c4 {[%emt 0:00:25]} dxc4 {[%emt 0:12:11]} 11. Nxc4 {[%emt 0:02:28]} Nbc6 {[%emt 0:00:16]} 12. Bd2 {[%emt 0:04:05]} Be6 {[%emt 0:06:55]} 13. Rc1 {[%emt 0:04:35]} Qb8 {[%emt 0:16:39]} 14. b4 {[%emt 0:17:16]} Rd8 {[%emt 0:26:53]} 15. b5 {[%emt 0:04:21]} Nd4 {[%emt 0:00:54]} 16. Nfxe5 {[%emt 0:01:10]} Bd5 {[%emt 0:00:20]} 17. Bf4 {[%emt 0:02:52]} Bxg2 {[%emt 0:00:09]} 18. Kxg2 {[%emt 0:05:39]} Nd5 {[%emt 0:00:28]} 19. Nxg6 {[%emt 0:01:28]} Nxf4+ {[%emt 0:01:54]} 20. Nxf4 {[%emt 0:00:14]} b6 {[%emt 0:00:21]} 21. Re7 {[%emt 0:05:03]} Kf8 {[%emt 0:03:19]} 22. Qe1 {[%emt 0:11:47]} Bf6 {[%emt 0:00:23]} 23. Re4 {[%emt 0:01:06]} Qb7 {[%emt 0:01:57]} 24. f3 {[%emt 0:04:16]} Rd7 {[%emt 0:05:39]} 25. Qe3 {[%emt 0:01:07]} Nxb5 {[%emt 0:03:42]} 26. Nh5 {[%emt 0:01:01]} Bd4 {[%emt 0:05:43]} 27. Qh6+ {[%emt 0:01:20]} 1-0

[Event "GER Cup Teams 2019"]
[Site "Wolfhagen"]
[Date "2019.03.16"]
[Round "1.5"]
[White "Perunovic, Milos"]
[Black "Ponkratov, Pavel"]
[Result "0-1"]
[WhiteElo "2600"]
[BlackElo "2644"]
[Annotator "TA"]
[PlyCount "120"]
[EventDate "2019.03.16"]
[EventType "team-tourn"]
[EventCountry "GER"]
[SourceTitle "playchess.com"]
[Source "ChessBase"]
[SourceQuality "1"]
[WhiteTeam "Lingen"]
[BlackTeam "Wolfhagen"]

{[%evp 19,120,0,0,0,7,0,4,13,37,47,37,33,43,51,50,51,52,43,43,39,48,0,0,0,0,0,31,31,30,0,0,0,0,8,8,-4,0,-14,-9,-29,-20,-44,-22,-38,0,0,0,0,0,-47,-34,-58,-42,-43,-60,-75,-15,-159,-173,-279,-275,-298,-281,-397,-397,-378,-388,-765,-711,-758,-740,-727,-672,-563,-345,-330,-323,-295,-256,-295,-264,-266,-261,-833,-768,-705,-828,-756,-305,-758,-763,-700,-32,-713,-650,-610,-691,-649,-625,-589,-577,-914,-785]} 1. e4 e6 2. d4 d5 3. Nc3 Bb4 4. e5 c5 5. a3 Bxc3+ 6. bxc3 Qc7 7. Qg4 f6 8. Bb5+ Kf8 9. Nf3 {C18: French: 3 Nc3 Bb4: Main line: 7 h4 and 7 Qg4} Qa5 10. Rb1 a6 {LiveBook: 6 Games} 11. Be2 {White wants to play 0-0.The position is equal.} Qxc3+ 12. Bd2 Qxc2 13. Rc1 Qe4 14. Qg3 {[#]} Nc6 $146 ({Predecessor:} 14... Nd7 15. exf6 gxf6 16. Qd6+ Ne7 {1-0 (26) Vitiugov,N (2617)-Dyachkov,S (2566) Dagomys 2008}) 15. Rxc5 {Threatens to win with exf6.} Nge7 16. exf6 gxf6 17. Bh6+ $1 Ke8 {White must now prevent ...Nf5.} 18. Qg7 Rg8 19. Qxf6 Qf5 20. Qxf5 Nxf5 21. Bf4 Bd7 (21... Rxg2 $6 22. Bg3 $16) 22. Bd3 {Black should prevent Bxf5.} Rf8 ({Much weaker is} 22... Rxg2 $6 23. Bg3 $16) 23. Bg5 Rf7 24. Be3 (24. Bxf5 {is interesting.} Rxf5 25. h4 Rc8 26. O-O b6 27. Rc2) 24... Nxe3 25. fxe3 Ke7 26. O-O Rg8 27. Rc2 Kd6 28. Rcf2 h6 29. g3 b5 30. e4 Rgf8 31. Kg2 b4 32. e5+ Kc7 33. axb4 Nxb4 34. Bg6 Rg7 35. Bb1 Bb5 36. Rc1+ Kb6 37. Rc3 Nc6 ({Black should try} 37... a5 $17) 38. h4 (38. Rb2 $11) 38... Rfg8 $17 39. Nd2 (39. Ng1 $142) 39... Nxd4 $19 40. Rf6 Ne2 41. Rxe6+ (41. Rcf3 $142 Rxg3+ 42. Rxg3 Rxg3+ 43. Kf2) 41... Kb7 42. Rf3 Nd4 43. Rxh6 $2 (43. Ref6 Nxf3 44. Rxf3) 43... Nxf3 44. Nxf3 Rxg3+ 45. Kf2 R8g4 {( -> ...Rg2+)} 46. Nd4 Rg1 47. Nxb5 axb5 {[%mdl 4096] Endgame KRR-KRB} ({Don't take} 47... Rxb1 48. Nd6+ Kc7 49. Ne8+ Kc8 50. Rxa6 $19) 48. Bf5 R4g2+ 49. Ke3 Re1+ 50. Kd4 Rd2+ 51. Kc5 $2 {[#]} (51. Kc3 Rf2 52. Rf6) 51... Rc1+ $1 ({Not} 51... Rxe5 52. Rh7+ Kb8 53. Kb6 $11) 52. Kb4 Rc4+ 53. Kxb5 Rb2+ 54. Ka5 Rc1 {[%cal Rc1a1]} 55. Bd7 Ra1+ 56. Ba4 {[#]} Rba2 $1 {Black is clearly winning.} 57. Rb6+ Kc7 58. Rb4 Re2 59. Kb5 Rxe5 60. Bb3 Kd6 {Precision: White = 52%, Black = 80%.} 0-1

[Event "GER Cup Teams 2019"]
[Site "Wolfhagen"]
[Date "2019.03.16"]
[Round "1.6"]
[White "Kuzubov, Yuriy"]
[Black "Ivanisevic, Ivan"]
[Result "1-0"]
[WhiteElo "2644"]
[BlackElo "2616"]
[Annotator "TA"]
[PlyCount "87"]
[EventDate "2019.03.16"]
[EventType "team-tourn"]
[EventCountry "GER"]
[SourceTitle "playchess.com"]
[Source "ChessBase"]
[SourceQuality "1"]

{[%evp 23,87,37,31,29,46,32,41,43,39,43,69,66,49,47,80,56,99,46,231,229,225,220,229,243,246,232,266,200,220,204,240,129,106,150,295,260,476,286,277,262,277,275,736,739,728,726,866,887,919,911,1756,1776,1707,1754,1717,1717,1530,1498,29968,29972,29971,29970,29980,29981,29981,29981]} 1. d4 Nf6 2. c4 c5 3. d5 g6 4. Nc3 Bg7 5. e4 d6 6. Bd3 e6 7. h3 O-O 8. Nf3 exd5 9. exd5 Re8+ 10. Be3 Nbd7 11. O-O a6 12. a4 Nh5 13. Bg5 {E90: King's Indian: Classical: Early deviations and 6 h3} f6 14. Bh4 $146 ({Predecessor:} 14. Bd2 f5 15. Be2 Nhf6 16. Bf4 Nh5 17. Bg5 Bf6 18. Qd2 Ne5 19. Bxf6 Nxf6 20. Nh2 b6 {½-½ (45) Pogorelov,R (2489)-Marin,M (2568) Istanbul 2003}) 14... Bh6 15. Re1 {White is slightly better.} Rxe1+ 16. Qxe1 Qf8 17. a5 Rb8 18. Ne4 Bf4 19. g4 g5 20. Bg3 ({Much worse is} 20. gxh5 $6 gxh4 21. Nxh4 Ne5 $11) (20. Ng3 $16 Nxg3 21. Bxg3) 20... Nxg3 $2 ({Black should try} 20... Ne5 $14 21. Nxe5 Nxg3 22. Nxg3 Bxe5) 21. fxg3 $18 Ne5 22. Qe2 Nxf3+ 23. Qxf3 Be5 24. Rf1 Bd4+ 25. Kh1 {[%cal Re4f6]} Qh6 {[%cal Rh6h3]} 26. Kg2 b6 27. Nxd6 (27. Nxf6+ $18 Bxf6 28. Qxf6 Qxf6 29. Rxf6) 27... bxa5 $16 28. b3 Bd7 (28... Rxb3 $16 29. Re1 (29. Nxc8 Rb2+ 30. Be2 Qf8 $11) 29... Rb2+ 30. Re2 Bd7) 29. Bf5 $18 Qg7 $2 (29... Qf8 {was worth a try.}) 30. Bxd7 Qxd7 31. Nf5 Be5 {[#]} 32. d6 $1 {[%mdl 512]} Qb7 $2 (32... Kf8 33. Rd1 Ke8) (32... Bxd6 33. Nh6+) 33. Ne7+ Kg7 34. Nc6 {[%mdl 64] Double Attack} Qxb3 35. d7 {aiming for Qxb3.} Qxf3+ 36. Rxf3 {[%mdl 4096] Endgame KRB-KRN} Rb2+ 37. Rf2 Rxf2+ 38. Kxf2 {KB-KN} Bc7 39. d8=Q Bxd8 40. Nxd8 f5 41. Ne6+ {[%mdl 64] [#] Double Attack. White mates.} Kf6 42. Nxc5 f4 43. gxf4 gxf4 44. Na4 {Accuracy: White = 76%, Black = 29%.} 1-0

[Event "GER Cup Teams 2019"]
[Site "Wolfhagen"]
[Date "2019.03.16"]
[Round "1.6"]
[White "Zuferi, Enis"]
[Black "Schmid, Roland"]
[Result "*"]
[WhiteElo "2369"]
[BlackElo "2282"]
[Annotator "NA"]
[PlyCount "23"]
[EventDate "2019.03.16"]
[EventType "team-tourn"]
[EventCountry "GER"]
[SourceTitle "playchess.com"]
[Source "ChessBase"]
[SourceQuality "1"]
[TimeControl "40/6000+30:3000+30"]

{[%evp 12,23,58,35,66,32767,36,32767,32767,32767,32767,47,32767,44]} 1. d4 {[%emt 0:00:00]} Nf6 {[%emt 0:00:00]} 2. c4 {[%emt 0:00:00]} c5 {[%emt 0:00:00]} 3. d5 {[%emt 0:00:00]} g6 {[%emt 0:00:00]} 4. Nc3 {[%emt 0:01:13]} Bg7 {[%emt 0:00:00]} 5. e4 {[%emt 0:02:06]} d6 {[%emt 0:00:04]} 6. Bd3 {[%emt 0:01:05]} e6 {[%emt 0:01:50]} 7. h3 {[%emt 0:01:56]} O-O {[%emt 0:00:20]} 8. Nf3 {[%emt 0:00:04]} exd5 {[%emt 0:02:15]} 9. exd5 {[%emt 0:00:05]} Re8+ {[%emt 0:00:05]} 10. Be3 {[%emt 0:00:04]} Nbd7 {[%emt 0:00:07]} 11. O-O {[%emt 0:00:16]} a6 {[%emt 0:00:05]} 12. a4 $14 {[%emt 0:01:24]} *

[Event "GER Cup Teams 2019"]
[Site "Wolfhagen"]
[Date "2019.03.16"]
[Round "1.7"]
[White "Riazantsev, Alexander"]
[Black "Greenfeld, Alon"]
[Result "1-0"]
[WhiteElo "2649"]
[BlackElo "2516"]
[Annotator "TA"]
[PlyCount "71"]
[EventDate "2019.03.16"]
[EventType "team-tourn"]
[EventCountry "GER"]
[SourceTitle "playchess.com"]
[Source "ChessBase"]
[SourceQuality "1"]

{[%evp 9,71,39,47,39,48,44,47,41,52,44,37,41,50,62,47,28,63,24,50,23,49,16,160,96,90,39,163,160,161,167,347,350,362,347,763,492,488,481,443,477,463,379,526,525,511,532,708,709,651,556,551,547,516,534,518,500,703,677,956,948,1293,1262,1208,1093]} 1. d4 d5 2. c4 dxc4 3. e3 e5 4. Bxc4 Nc6 5. Nf3 e4 6. Nfd2 {D20: Queen's Gambit Accepted: 3 e3 and 3 e4} Qg5 7. Nxe4 (7. Qb3 Qxg2 8. Bxf7+ Kd8 9. Qd5+ Ke7 10. Bxg8 Qxh1+ 11. Nf1 Bh3 12. Qf7+ {0-1 (22) Goganov,A (2612)-Alekseenko,K (2638) St Petersburg 2018}) 7... Qxg2 {[%mdl 64] [#] Double Attack} 8. Ng3 {White is slightly better.} Nf6 9. Bf1 $1 {[%cal Rf1g2]} Qd5 10. Nc3 Bb4 11. Bd2 Qd8 12. a3 Be7 $146 13. Bc4 O-O 14. Rg1 Bg4 15. f3 Bh5 (15... Be6 $11 {keeps the balance.} 16. Bxe6 fxe6) 16. Nxh5 (16. Qe2 $142) 16... Nxh5 $16 17. Ne4 (17. Qe2 $16) 17... Nxd4 ({Better is} 17... Bh4+ $1 $14 18. Kf1 Nf6) 18. exd4 $18 Qxd4 19. Rg4 Qxb2 $2 (19... Kh8 20. Ng3 Qg1+ 21. Nf1 Qb6) 20. Bc3 Qb6 21. Qd5 Bh4+ $2 (21... Qe3+ 22. Be2 Nf4 23. Rxg7+ Kh8) 22. Rxh4 Qe3+ 23. Be2 Nf4 {[#]} 24. Rxf4 $1 Qxf4 25. Qe5 {[%csl Gc3][%cal Re5g7]} Qh6 26. Kf2 {White is clearly winning.} Rfe8 27. Qg3 Re6 28. Rg1 Rg6 29. Qxc7 Qh4+ 30. Ng3 Qxh2+ 31. Rg2 Qh4 32. Bd3 Rg5 33. Be4 h5 34. Qxb7 {[%cal Rb7a8]} Rd8 35. Qe7 {[%cal Re7d8]} Rc8 36. Bd2 {Accuracy: White = 77%, Black = 33%.} 1-0

[Event "GER Cup Teams 2019"]
[Site "Wolfhagen"]
[Date "2019.03.16"]
[Round "1.8"]
[White "Epishin, Vladimir"]
[Black "Onischuk, Vladimir"]
[Result "0-1"]
[WhiteElo "2568"]
[BlackElo "2626"]
[Annotator "TA"]
[PlyCount "94"]
[EventDate "2019.03.16"]
[EventType "team-tourn"]
[EventCountry "GER"]
[SourceTitle "playchess.com"]
[Source "ChessBase"]
[SourceQuality "1"]

{[%evp 11,94,8,18,17,12,8,14,5,14,-15,-5,-11,-14,-73,-64,-78,-82,-131,-84,-149,-145,-187,-178,-186,-188,-221,-210,-205,-153,-290,-308,-345,-334,-391,-422,-439,-243,-379,-243,-207,-178,-195,-179,-303,-230,-256,-216,-195,-154,-167,-153,-296,-99,-336,-361,-379,-379,-379,-379,-495,-476,-459,-462,-431,-322,-764,-680,-734,-724,-778,-722,-855,-828,-29980,-29981,-29976,-29978,-29982,-29983,-29983,-29985,-29988,-29989,-29990,-29986]} 1. d4 d6 2. g3 g6 3. Bg2 Bg7 4. e4 Nc6 5. Ne2 e5 6. d5 Nce7 7. c4 {B06: Modern Defence} f5 8. Nbc3 Nf6 9. exf5 {The position is equal.} gxf5 10. f4 e4 $146 ({Predecessor:} 10... O-O 11. fxe5 dxe5 {1-0 (77) Kosten,A (2540)-Campora,D (2550) Elgoibar 1995}) 11. Be3 c5 12. a4 (12. dxc6 $11 {remains equal.} bxc6 13. b3) 12... h5 $17 13. Qd2 Bd7 14. Nd1 a6 15. Nec3 {[#]} ({Better is} 15. a5) 15... b5 $1 {[%mdl 512]} 16. axb5 axb5 {[%mdl 64] Discovered Attack} 17. Rxa8 Qxa8 18. Nxb5 Bxb5 19. cxb5 Nexd5 20. Bh3 (20. h3 $17 {is a better defense.}) 20... Ng4 $1 $19 {[%cal Rg4e3]} 21. Bg1 Ke7 ({Don't take} 21... e3 22. Qe2 $19) 22. Bg2 Rb8 23. h3 Ngf6 (23... Rxb5 $142 24. Qe2 (24. hxg4 $2 Rxb2 {[%mdl 64] Deflection} 25. Nxb2 Bc3 $19) 24... Rxb2 $1 {[%mdl 576] Decoy} 25. Nxb2 Qa1+ {[%mdl 64] Double Attack} 26. Nd1 Nc3) 24. g4 (24. Bf2 $142) 24... hxg4 25. hxg4 fxg4 26. Bf2 Rxb5 27. Bh4 (27. O-O $142) 27... Rb4 28. O-O Rd4 29. Qe2 Kf7 30. Nc3 {[%cal Rc3e4]} Qh8 31. Be1 (31. Bg5 $17) 31... Nxc3 $2 (31... Ne7 $19 {and Black stays clearly on top. aiming for ...d5.} 32. Bf2 d5) 32. Bxc3 $2 {[#]} (32. bxc3 $17 g3 33. Bxg3) 32... g3 $1 {[%csl Gg3][%cal Rh8h2]} 33. Ra1 {[#]} d5 $1 34. Ra7+ Kg6 35. f5+ Kxf5 {Hoping for ...Ng4.} 36. Qf1+ Kg6 {[%csl Gg3][%cal Rh8h2]} 37. Bh3 Qh5 {And now ...Rd1 would win.} 38. Bf5+ $2 ({Don't play} 38. Bxd4 cxd4 39. Bf5+ Kh6) (38. Kg2 Qf3+ 39. Qxf3 exf3+ 40. Kxg3 Ne4+ 41. Kxf3 Nxc3 42. bxc3 Rd3+ {[%mdl 64] Discovered Attack} 43. Kg4) 38... Kh6 {[%csl Gg3][%cal Rh5h2]} 39. Qf4+ Qg5 40. Qxg5+ Kxg5 41. Bxd4 cxd4 42. Rxg7+ Kxf5 {Black mates.} 43. Rxg3 {KR-KN} d3 44. Kf1 d4 45. Ke1 e3 46. Rh3 Ng4 47. Rh5+ Ke6 {Accuracy: White = 31%, Black = 73%.} 0-1